| 000 | 00504nam a2200205Ia 4500 | ||
|---|---|---|---|
| 008 | 150909s9999 xx 000 0 und d | ||
| 041 | _aEnglish | ||
| 082 | _a 631 .8 | ||
| 082 | _bBIS/PH | ||
| 100 | _aBiswas T D | ||
| 100 | _eEditor | ||
| 245 | _aPhosphorus in soils, crops and fertilizers | ||
| 260 | _aNew Delhi | ||
| 260 | _bIndian Society of Soil Science | ||
| 260 | _c1979 | ||
| 300 | _a611 Pages | ||
| 365 | _aRs .18.34 | ||
| 650 | _aSoil conditioners | ||
| 942 | _cBK | ||
| 999 |
_c230714 _d230714 |
||